IEP Lyon - Sociologie politique 11 (l'opinion publique et com politic) - Statistiques

Statistiques générales
  • Ce quiz a été pris 15 fois
  • Le résultat moyen est 13 sur 32
Statistiques - réponses
Questions Réponses % Correct
Dans un sens, la ... s'oppose au fait que le chef puisse être le seul à parler : selon les principes de délibération, d'égalité et d'impersonnalité de la loi. démocratie
100%
Pierre Clastres, dans La société contre l'Etat, montre que dans les sociétés traditionnelles segmentaires (tribus latino-américaines) le chef a le devoir de parler mais personne ne l'.... pour montrer qu'il n'a pas le pouvoir. écoute
75%
"L'home de pouvoir est toujours non seulement l'homme qui parle, mais la seule source de parole ... : parole appauvrie, parole pauvre certes, mais riche d’efficience, car elle a nom commandement et ne veut que l’obéissance de l’exécutant » légitime
75%
Patrick Champagne montre également que la ... de poser des questions influence fortement la réponse obtenue. Cela montre que le sondage n'est pas une mesure neutre de l'opinion publique, elle est influencée dès le moment de l'enquête. Il y a un "biais" façon/manière
63%
Quel auteur a écrit L'opinion publique n'existe pas ? (ez) Pierre Bourdieu
63%
Quel auteur considère la liberté de l'opinion publique comme étant un des critères pour distinguer les gouvernements représentatifs ? Bernard Manin
50%
L'étude de Jacobs et Shapiro (Politicians don't Pander) montre que dans une grande majorité des cas, les représentants du Congrès américains ont tenu compte des sondages - vrai ou faux ? faux (ils n'ont pas tenu compte)
50%
Qui est l'auteur de Ce que parler veut dire dans lequel il montre que les registres de langues, les tons, la façon de parler témoignent des inégalités sociales. Pierre Bourdieu
50%
"opinions publique = expression électorale" Il s'agit d'une ... prénotion
50%
En quelle année les sondages sont-ils consacrés aux US, lorsqu'il prévoient pour la 1ère fois le résultat d'une élection (mais reste critiquable car de nombreux autres sondages prévoyaient faux) 1948
38%
On distingue 2 types de sondages :- celui du Dr.[antépénultième réponse] par quota qui consiste à produire un échantillon de population qui ressemble à la population générale. Cela implique de la définir avec quelques critères saillants (sexe, âge, revenus, résidence), et de partir du principe qu’ils permettent de constituer un plus petit modèle de la société. Pas de base scientifique ici. - le sondage ... qui est fondé scientifiquement sur des théories statistiques. Il faut prendre un échantillon ... dans une société donnée, tant de % de chance qu’ils pensent la même chose que la société globale aléatoire
38%
D'après cet auteur :1) on part du principe que tout le monde a une opinion sur le sujet alors que certains n’en ont pas. Rend importantes des questions qui ne l’étaient pas forcément pour les individus + « leaders d’opinion » imposent 2) on suppose que toutes les opinions se valent alors que c’est pas le cas 3) le simple fait de poser la même question à tout le monde implique qu’il y aurait un consensus sur ce sujet --> Selon lui, le sondage est un "..." artefact
38%
Avec l’émergence de la ... se crée entre ces sphères un espace public. Au XVII-XVIIIe émerge et prend la forme de discussions entre membres de la ... sur des questions communes (art, affaires…), souvent dans des salons/clubs, à distance par écrit (gazette, échange d’essais) bourgeoisie
38%
Mais également P. Lehingue dans Subunda, coup de sonde dans l’océan des sondages, qui décrit comment fonctionnent les sondages et comment la légitimité de certains rejaillit sur d’autres. La méthode statistique des sondages demande un certain nombre de ... qui ne sont souvent pas remplis, comme celui de l'aléatoire ou la question des marges d'erreur. (au pluriel) critères
38%
D'après l'étude de Loïc Blondiaux (La fabrique de l'opinion), le sondage est un outil issu du marketing qui aurait été inventé par le Dr. ... au début du 20ème siècle. Gallup
38%
Quel auteur a écrit L'Espace public : Archéologie de la publicité comme dimension constitutive de la société bourgeoise ? Jürgen Habermas
38%
Il énonce que les monarchies européennes ont pendant longtemps été caractérisées par un face à face entre pouvoir (Etat) et des particuliers. Comme l’Etat concentrait le pouvoir et interdisait toute ... politique au reste de la société, il y avait un partage public/privé très net (le public étant réservé au monarque). participation
38%
Définition usuelle du mot opinion : "manière de penser sur un sujet ou un ensemble de sujets, jugement ... que l’on porte sur une question, qui n’implique pas que ce jugement soit obligatoirement juste Ou : point de vue, position précise que l’on a dans un domaine particulier : social, religieux, politique, intellectuel personnel
38%
Quel auteur a écrit L'ivresse des sondages dans lequel il montre la faiblesse scientifique de la plupart des sondages ? Alain Garrigou
25%
Commence ici à apparaitre une sorte de ... entre ceux qui produisent l’opinion publique et ceux qui la reçoivent : forme de professionnalisation des producteurs d’opinion, et des individus de plus en plus en consommation de l’opinion publique et non pas en production. décalage
25%
Weber dit « Mais comment se fait dans ce système la sélection des chefs ? Et tout d’abord suivant quelles aptitudes les choisit-on ? Outre les qualités de volonté qui sont, partout dans le monde, déterminantes, c’est naturellement la puissance de la parole ... qui est décisive » démagogique
25%
Au cours du XIXème siècle on constate une ... de l'espace public notamment avec la presse qui améliore ses techniques d'impression : moins cher et touche ainsi un public plus large, ce qui impacte ses contenus pour s'adapter à leurs goûts. démocratisation
25%
Ainsi, du point de vue des normes sociales dans les démocraties représentatives, l’opinion publique reste un puissant vecteur de ... même si les médias qui en sont vecteur sont aujourd’hui en partie décrédibilisés. démocratisation
25%
Inversement, dans les sociétés modernes démocratiques, le chef a le droit à la parole ... efficiente
25%
Dans la démocratie, la parole n'est pas ... innocente
25%
L’opinion publique apparaît aussi comme un idéal démocratique : une fois que l’on vote on perd le pouvoir. Mais si ces représentants sont contraints par la pression de l’opinion publique dans leur indépendance, cette opinion publique se fait forme de ... plus encore que de [précédente réponse]. Une manière pour ceux qui ont abandonné leur pouvoir de continuer à avoir une forme de pouvoir. participation
25%
Définition sociologique : "forme particulière de pensée, prise de position morale et intellectuelle d’une société, d’un groupe social, professionnel ou ethnique en tant que force de ..." pression
25%
Le sondage du Dr. [précédente réponse] est appelé sondage par .. quota
25%
En démocratie, il faut que les leaders politiques acceptent de faire un usage ... du langage (pas de mensonges, manipulations du langage) propre à la délibération. raisonnable
25%
Le troisième sens d’opinion publique apparait récemment : celle mesurée par les sondages càd l’opinion ... (no shit) sondagière
25%
L’opinion publique apparaît comme légitime puisque constituant un moyen de ... des représentants aux représentés. surveillance
25%
L'opinion publique peut être un puissant ... de légitimation politique (et inversement si elle n'est pas acquise aux acteurs politiques) vecteur
25%
Aucun quiz correspondant
Distribution des résultats
% des personnes avec chaque résultat
Percentile par nombre de réponses
Votre historique - résultats
Vous n’avez pas pris ce quiz